00754 2200277 4500001002100000005001700021008004100038035002400079090001800103100001700121245008100138250001000219260004700229300002100276440002400297500002500321650001900346700001500365700002000380850001700400980001100417985000600428986001200434999001500446999001500461YOGYA-0209000003937720090227025452.0 ind  0010-020900000039377 a391bRes PlK aRESTY, Salma aPakaian adatcSalma Resty ; editor, A. Mellyora ; ilustrator, Fajar Cahyawan aCet.1 aSolobTiga Serangkai Pustaka Mandiric2004 a32 hlmc21x30 cm aBhineka Tunggal Ika aUntuk usia 4-6 tahun aPakaian daerah aMelyora, A aCahyawan, Fajar aYOPDYOG(JSC) a130306 a2 autrtrev a05B0007817 a05B0007818